[Event "Sibiria Region-ch"]
[Site "Novosibirsk"]
[Date "2003.??.??"]
[Round "8"]
[White "Simachev, Victor"]
[Black "Efimov, Arkadij"]
[Result "0-1"]
[WhiteElo "2224"]
[BlackElo "2242"]
[PlyCount "158"]
[EventDate "2003.05.??"]
[EventType "swiss"]
[EventRounds "9"]
[EventCountry "RUS"]
[SourceTitle "EXT 2008"]
[Source "ChessBase"]
[SourceDate "2007.11.25"]
[SourceVersion "1"]
[SourceVersionDate "2007.11.25"]
[SourceQuality "1"]

1. d4 Nf6 2. Nf3 e6 3. Bg5 Be7 4. e3 b6 5. Bd3 Bb7 6. Nbd2 d5 7. c3 0-0 8. Qc2 Nbd7 9. 0-0 h6 10. Bh4 c5 11. Rfe1 Rc8 12. Qb1 Re8 13. a4 a6 14. h3 Qc7 15. Bg3 Bd6 16. Bxd6 Qxd6 17. e4 dxe4 18. Nxe4 Nxe4 19. Bxe4 Qc7 20. Bxb7 Qxb7 21. Qe4 Qxe4 22. Rxe4 Nf6 23. Re2 c4 24. Ne5 Rc7 25. g3 h5 26. Nf3 Nd5 27. Re5 g6 28. Rae1 Rb8 29. R5e2 Kg7 30. Ra1 b5 31. axb5 axb5 32. Rc2 b4 33. Nd2 bxc3 34. bxc3 Rbb7 35. Ra4 Ra7 36. Rxa7 Rxa7 37. Nxc4 Rc7 38. Ne5 Rxc3 39. Rxc3 Nxc3 40. Kf1 Kf6 41. h4 Nb5 42. Nf3 Kf5 43. Ke2 f6 44. Ke3 Nc7 45. Nd2 g5 46. Nf3 Nd5+ 47. Kd3 Kg4 48. Ke2 Ne7 49. Nh2+ Kf5 50. hxg5 fxg5 51. Kf3 Nc6 52. Ke3 h4 53. gxh4 gxh4 54. f3 Ne7 55. Ng4 Nd5+ 56. Kf2 Kf4 57. Ne5 Ne7 58. Nd3+ Kg5 59. Nb4 Kf5 60. Kg2 Ng6 61. Nc6 Nf4+ 62. Kh2 Kf6 63. Ne5 Ne2 64. Nc6 Kg5 65. Kh3 Nf4+ 66. Kh2 Ng6 67. Kh3 Nf4+ 68. Kh2 Kf5 69. Ne7+ Kf6 70. Nc6 Kf7 71. Kg1 Ke8 72. Kf2 Kd7 73. Ne5+ Kd6 74. Ke3 Nd5+ 75. Ke4 h3 76. Ng4 Nf6+ 77. Kf4 Nxg4 78. Kg3 Ne3 79. Kxh3 Nf5 0-1